000 00890nam a22002417a 4500
999 _c65023
_d65023
005 20240530110803.0
008 190216s2018 ua a g b 000 0 ara d
017 _a2018/4204
_bمصر. دار الكتب
020 _a9789779117225
040 _aEG-CaGPL
_cEG-CaGPL
082 0 4 _221
_a812.009 \
_bأ ن
100 0 _aالفت شافع
245 1 2 _aالنص المسرحى بين اللغة والميتالغة /
_cالفت شافع
250 _aط.1
260 _aالقاهرة :
_bالهيئة المصرية العامة للكتاب،
_c2018 .
300 _a498 ص. ؛
_c24 سم.
504 _aيشتمل على ارجاعات ببليوجرافية
650 0 7 _2qrmak
_aالمسرحيات العربية
650 0 7 _2qrmak
_aالمسرحيات العربية
_xتاريخ ونقد
651 _2qrmak
942 _2ddc
_cBK